000 00442nam a22001457a 4500
003 NUST
005 20231002102958.0
008 231002b ||||| |||| 00| 0 eng d
082 _a937.06
_bGIB 1960
100 _aGibbon, Edward
245 _aGibbon's Decline and Fall of the Roman Empire-a One-Volume Abridgement By D. M. Low
_cEdward Gibbon
260 _aNew York
_bHarcourt, Brace and company
_c1960
300 _a924p;
942 _2ddc
_cBK
999 _c603270
_d603270